000 00604nam a2200193 i 4500
001 106594
003 ES-MaACL
005 20230906184218.0
007 t|
008 061205s1901 be ||||1| fre d
080 _a949.3
100 1 _aSosset, J.
_9107448
245 1 0 _aManuel d'histoire de Belgique a l'usage des écoles normales et des instituteurs /
_cpar J. Sosset.
260 _aBruxelles :
_bAlfred Castaigne,
_c1901.
300 _aXVI, 318 p. ;
_c25 cm.
500 _aBiblioteca Jacinto Martínez Lacalle.
651 4 _aBélgica-
_xHistoria.
_97873
852 _aES-MaACL
_jE-11411
_bR.138947
999 _c106594
_d106594